| 000 | 00895nac a22002411u 4500 | ||
|---|---|---|---|
| 010 | _a 2006925865 | ||
| 020 | _a9780387333250 (cased) | ||
| 020 | _a0387333258 (cased) | ||
| 035 | _a(CStRLIN)PATGB30661080-B | ||
| 082 |
_a620.5 _bZHO |
||
| 090 |
_c8368 _d8368 |
||
| 100 | _aZhou, Weili. | ||
| 245 | 0 | 0 |
_aScanning microscopy for nanotechnology : techniques and applications / _btechniques and applications / _cedited by Weilie Zhou and Zhong Lin Wang. |
| 260 |
_aNew York : _bSpringer,2007. _cc2007. |
||
| 300 |
_axiv, 522 p., [12] p. of plates : _bill. (some col.) ; _c24 cm. |
||
| 500 | _aDistributer: Al-Ahram | ||
| 504 | _aIncludes bibliographical references and index. | ||
| 511 | _aCatalogued by: Sara | ||
| 650 | 0 | _aScanning electron microscopy. | |
| 650 | 0 | _aNanotechnology. | |
| 700 | _aWang, Zhong Lin. | ||
| 942 |
_cBB _k620.5ZHO |
||
| 999 |
_c8368 _d8368 |
||